000 00719nac a22002531u 4500
003 OSt
005 20201026093656.0
008 080729s2004 si a|||fr|||| 001 0 eng d
020 _a0131248448
020 _a9780131228825
040 _aEG-ScBUE
_beng
_cEG-ScBUE
082 0 4 _a620.1
_bHIB
_222
100 1 _aHibbeler, R. C.
_918235
245 1 0 _aEngineering Mechanics :
_pStatics /
_cR.C. Hibbeler.
250 _a10th ed. in SI units
260 _aSingapore :
_bPrentice Hall,
_cc.2004.
300 _axv, 639 p. :
_bcol. ill. ;
_c25 cm.
500 _aIndex : p. 628-639.
590 _adoaa mohamed
650 0 _aStatics.
_918236
_2BUEsh
651 _2BUEsh
653 _bENGMEC
942 _k620.103 HIB
_2ddc
_s1
999 _c1
_d1